| 000 -LEADER |
| fixed length control field |
00787nam a22002417a 4500 |
| 001 - CONTROL NUMBER |
| control field |
|
| 003 - CONTROL NUMBER IDENTIFIER |
| control field |
OSt |
| 005 - DATE AND TIME OF LATEST TRANSACTION |
| control field |
20190218100907.0 |
| 008 - FIXED-LENGTH DATA ELEMENTS--GENERAL INFORMATION |
| fixed length control field |
18100 1b xxu||||| |||| 00| 0 spa d |
| 020 ## - INTERNATIONAL STANDARD BOOK NUMBER |
| International Standard Book Number |
9502002822 |
| 040 ## - CATALOGING SOURCE |
| Transcribing agency |
PJ |
| 100 ## - ASIENTO PRINCIPAL - NOMBRE DE PERSONA |
| Personal name |
Negri Pisano, Luis E. |
| 9 (RLIN) |
3749 |
| 245 13 - MENCIÓN DE TÍTULO |
| Título propiamente dicho |
La representación voluntaria : |
| Parte restante del título |
el poder y el mandato / |
| Mención de responsabilidad, etc |
Luis E. Negri Pisano; prólogo del Dr. Marco Aurelio Risolia. |
| 260 ## - PUBLICATION, DISTRIBUTION, ETC. (IMPRINT) |
| Place of publication, distribution, etc |
Buenos Aires : |
| Name of publisher, distributor, etc |
Abeledo-Perrot, |
| Date of publication, distribution, etc |
1985. |
| 300 ## - DESCRIPCION FISICA |
| Extent |
438 p. |
| Dimensions |
23 cm. |
| 500 ## - NOTA GENERAL |
| General note |
Notas y citas a pie de página. |
| 504 ## - NOTA DE BIBLIOGRAFÍA, ETC. |
| Bibliography, etc |
Bibliografía: p. 161-166. |
| 650 #0 - ASIENTO SECUNDARIO DE MATERIA - TERMINO TEMATICO |
| Topical term or geographic name as entry element |
DERECHO CIVIL |
| 9 (RLIN) |
352 |
| 650 #0 - ASIENTO SECUNDARIO DE MATERIA - TERMINO TEMATICO |
| Topical term or geographic name as entry element |
CONTRATOS CIVILES |
| 9 (RLIN) |
1589 |
| 650 #0 - ASIENTO SECUNDARIO DE MATERIA - TERMINO TEMATICO |
| Topical term or geographic name as entry element |
MANDATO |
| 9 (RLIN) |
3747 |
| 700 ## - ADDED ENTRY--PERSONAL NAME |
| 9 (RLIN) |
167 |
| Personal name |
Risolía, Marco Aurelio |
| Relator term |
próloguista |
| 942 ## - ADDED ENTRY ELEMENTS (KOHA) |
| Koha item type |
Libros |
| Source of classification or shelving scheme |
|
| Classification part |
347.462 |
| Item part |
NEG |